000 00977nam a22003017a 4500
003 CHAP
005 20220329134656.0
008 971013s1987 r 00010 d
010 _a24056
011 _a25028
035 _a29128
040 _cCHAP
090 _aTesis
100 0 0 _aIllades Treviño, Mireya Balbina.
_957415
245 _aProyecto ovino en el rancho La Lechuguilla en Montemorelos, N.L.
260 _aMarín, N.L. :
_bEl autor,
_c1987
300 _a40 h
502 _aTesis (Ing. Agr. Zootecnista) -- Univ. Autónoma de Nuevo león. Fac. de Agronomía
590 _aALEPH
_b10
_c20130110
_lUCH01
_h1248
590 _aBATCH-UPD
_b10
_c20130110
_lUCH01
_h2236
590 _aBATCH-UPD
_b10
_c20130410
_lUCH01
_h1531
590 _aBATCH-UPD
_b10
_c20130914
_lUCH01
_h1532
590 _aCONVERSION
_b10
_c20130109
_lUCH01
_h1314
650 1 4 _aGanado lanar
_xNuevo León.
_945204
901 _aBK
942 _cTESIS
949 _bBC
_cTES
_d-67239
_eTS1
_h21246
_i29128
_si
999 _c24056
_d24056